| 000 | 01273nam a22003494a 4500 | ||
|---|---|---|---|
| 001 | ebr5003045 | ||
| 003 | CaPaEBR | ||
| 006 | m u | ||
| 007 | cr cn||||||||| | ||
| 008 | 001218s2001 azua s 001 0 eng | ||
| 010 | _z 00069422 | ||
| 020 | _z1576107000 (pbk.) | ||
| 040 |
_aCaPaEBR _cCaPaEBR |
||
| 035 | _a(OCoLC)49838305 | ||
| 050 | 1 | 4 |
_aTR897.7 _b.L66 2001eb |
| 082 | 0 | 4 |
_a006.6/96 _221 |
| 100 | 1 | _aLondon, Sherry. | |
| 245 | 1 | 0 |
_aFlash 5 visual insight _h[electronic resource] / _cSherry London, Dan London. |
| 246 | 3 | _aFlash five visual insight | |
| 260 |
_aScottsdale, AZ : _bCoriolis Group Books, _cc2001. |
||
| 300 |
_axviii, 348 p. : _bill. |
||
| 500 | _aIncludes tear-out sheet of keyboard shortcuts. | ||
| 500 | _aIncludes index. | ||
| 533 |
_aElectronic reproduction. _bPalo Alto, Calif. : _cebrary, _d2013. _nAvailable via World Wide Web. _nAccess may be limited to ebrary affiliated libraries. |
||
| 630 | 0 | 0 | _aFlash (Computer file) |
| 650 | 0 | _aComputer animation. | |
| 650 | 0 |
_aWeb sites _xDesign. |
|
| 655 | 7 |
_aElectronic books. _2local |
|
| 700 | 1 | _aLondon, Dan. | |
| 710 | 2 | _aebrary, Inc. | |
| 856 | 4 | 0 |
_uhttp://site.ebrary.com/lib/rucke/Doc?id=5003045 _zAn electronic book accessible through the World Wide Web; click to view |
| 999 |
_c1776 _d1776 |
||